|
|
|
|
| LEADER |
00000nam2a2200000 4500 |
| 001 |
322275 |
| 005 |
20231102003446.0 |
| 010 |
|
|
|a 9785865478614
|
| 035 |
|
|
|a (RuTPU)RU\TPU\book\347831
|
| 035 |
|
|
|a RU\TPU\book\328535
|
| 090 |
|
|
|a 322275
|
| 100 |
|
|
|a 20160922d2016 m y0rusy50 ca
|
| 101 |
0 |
|
|a rus
|
| 102 |
|
|
|a RU
|
| 105 |
|
|
|a a j 000zy
|
| 200 |
0 |
|
|a [Т. 2]
|
| 205 |
|
|
|a 6-е изд.
|
| 210 |
|
|
|d 2016
|
| 215 |
|
|
|a 184 с.
|c ил.
|
| 330 |
|
|
|a Настоящий учебный комплекс по русскому языку как иностранному предназначен для взрослых учащихся и обеспечивает подготовку в объеме требований Первого сертификационного уровня (В1). Третья часть включает учебник в двух томах и аудиоприложение. Комплекс является третьей частью проекта «Стандарт — Учебник — Тест» (руководитель проекта — М.М. Нахабина).
|
| 461 |
|
1 |
|0 (RuTPU)RU\TPU\book\348024
|t Дорога в Россию
|o учебник русского языка (первый уровень)
|o [в 2 т.]
|f В. Е. Антонова, М. М. Нахабина, А. А. Толстых
|v [Т. 2]
|d 2016
|s Стандарт - Учебник - Тест ; Ч. 3
|
| 606 |
2 |
|
|a Русский язык
|x Для других народов
|x Учебные руководства и пособия
|2 stltpush
|3 (RuTPU)RU\TPU\subj\26400
|9 50340
|
| 610 |
1 |
|
|a русский язык как иностранный
|
| 610 |
1 |
|
|a лексика
|
| 610 |
1 |
|
|a грамматика
|
| 610 |
1 |
|
|a разговорная речь
|
| 610 |
1 |
|
|a упражнения
|
| 610 |
1 |
|
|a русский для иностранцев
|
| 686 |
|
|
|a Ш141.2-96
|v LBC/SL-A
|2 rubbk
|
| 801 |
|
1 |
|a RU
|b 63413507
|c 20150901
|
| 801 |
|
2 |
|a RU
|b 63413507
|c 20230404
|g RCR
|
| 900 |
|
|
|a Русский язык как иностранный
|
| 942 |
|
|
|c BK
|
| 959 |
|
|
|a 49/20160705
|d 5
|e 0
|f УФ:5
|